Учител и научен работник (Запис номер 165732)
[ съкратено ]
| 000 -Лидер | |
|---|---|
| Контролно поле с фиксирана дължина | 01828nam a2200421 c 4500 |
| 003 - Код на организацията, давaща контролен номер | |
| Контролно поле | BLK |
| 005 - Дата и час на последна редакция | |
| Контролно поле | 20220209141100.0 |
| 008 - Елементи от данни с фиксирана дължина | |
| fixed length control field | 180410b bul|||||r ||||||| ||bul|| |
| 010 ## - Наследен системен номер | |
| LC control number | KNG00173367000 |
| 040 ## - Източник на каталожния запис | |
| Идентификатор на билиотеката - собственик на записа | BLK |
| 041 ## - Код за език | |
| Код за езика на текст/звукозапис или на отделно заглавие | Български |
| Код за езика КДБФ | Български |
| 072 #7 - Код за тематичната категория | |
| Код организация | bullib |
| Код за тематична категория | К |
| Текст | Краезнание |
| 080 ## - УДК | |
| Текстов определител УДК | Организация на възпитанието и образованието. Училищно дело. |
| УДК код - определител по УДК | 37.09 |
| УДК определител | (092) |
| УДК - код + определител | 37.09(092) |
| 080 ## - УДК | |
| Текстов определител УДК | Палеонтология |
| УДК код - определител по УДК | 56 |
| УДК определител | (092) |
| УДК - код + определител | 56(092) |
| 080 ## - УДК | |
| Текстов определител УДК | Палеонтолог |
| УДК код - определител по УДК | 929 Халваджиев, Михаил |
| УДК - код + определител | 929 Халваджиев, Михаил |
| 100 1# - Редна дума - Автор | |
| Автор | Желков, Желко Стоянов |
| Авторска отговорност | първи автор |
| R(LIN) | 68179 |
| 139 ## - Редно поле | |
| Редна дума | Желков, Желко Стоянов |
| Авторски знак | Хал - Х 23 |
| 245 10 - Сведения за заглавието | |
| Заглавие | Учител и научен работник |
| Редно поле (дума) | Желко Стоянов Желков. |
| 257 ## - Страна на издаване | |
| Страна на създаване/издаване | България |
| 260 ## - Област на издателските данни | |
| Име на издателя, разпространителя и проч. | Профиздат |
| Година на издаване | 1965 |
| 300 ## - Физическа характеристика | |
| Страници | 60 с. |
| Размери/Мащаб | 18 см |
| 380 ## - Жанр | |
| Жанр | Обществени науки |
| 490 1# - СЕРИИ (Колекции) | |
| Име на серия | Да следваме челниците |
| №: серия | 13 |
| 500 ## - Общи забележки | |
| Забележка | Изд. на Съюза на бълг. учители. - 5 100 тир. - Очерк за учителската дейност и палеонтологическите изследвания на Михаил Халваджиев |
| 600 14 - Име на лице, използвано като предмет | |
| За него / За нея | Халваджиев, Михаил |
| 9 (RLIN) | 336865 |
| 650 #4 - Допълнително описание по предмет – тема | |
| Основно описание – тема или топоним | Палеонтолози |
| 9 (RLIN) | 165556 |
| 650 #4 - Допълнително описание по предмет – тема | |
| Основно описание – тема или топоним | Учители - България |
| 9 (RLIN) | 272881 |
| 651 #4 - Допълнително описание по предмет - топоним | |
| Географско понятие | България |
| 9 (RLIN) | 241624 |
| 651 #4 - Допълнително описание по предмет - топоним | |
| Географско понятие | Русе |
| 9 (RLIN) | 179462 |
| 653 ## - Ключова дума – ненормативна | |
| Ключова дума | учители |
| 653 ## - Ключова дума – ненормативна | |
| Ключова дума | палеонтология |
| 659 ## - Тематичен бюлетин | |
| Тематичен бюлетин | К |
| 852 ## - Местоположение | |
| Форматна сигнатура | Цб І 8037 |
| 852 ## - Местоположение | |
| Форматна сигнатура | К 37.09/Х 23 |
| 856 4# - Електронен адрес и достъп | |
| Електронен формат | pdf - файл |
| 856 4# - Електронен адрес и достъп | |
| Електронен формат | pdf - файл |
| 999 ## - СИСТЕМНИ КОНТРОЛНИ НОМЕРА | |
| Koha biblionumber | 165732 |
| Koha biblioitemnumber | 165732 |
| 942 ## - АРТИКУЛИ | |
| Вид на библиотечния материал | Книги |
| Скрит в OPAC | Не |
| Периодичен библиозапис | Да |
| 944 ## - СЪЗДАВАНЕ И РЕДАКЦИЯ на ЗАПИСА | |
| Създаване/Редакция | Създаване |
| Дата на регистрацията/редакция | 20.03.2015 |
| Статус, дата на статуса | 20.03.2015 - от С1,Р / 20.03.2015 |
| Служител, извършил регистрацията/редакцията | Валя_Йорданова |
| 944 ## - СЪЗДАВАНЕ И РЕДАКЦИЯ на ЗАПИСА | |
| Създаване/Редакция | Редакция |
| Дата на регистрацията/редакция | 20.03.2015 |
| Статус, дата на статуса | 20.03.2015 - от С1,Р / 20.03.2015 |
| 999 ## - СИСТЕМНИ КОНТРОЛНИ НОМЕРА | |
| Koha biblioitemnumber | 165732 |
| Код за отписване | Код за изгубен артикул | Източник на класификационната схема | Код за повреда | Коз за рестрикции | Код за отдаване | Артикулен № | Име на библиотеката - собственик | Име на библиотеката, в която се намира в момента | Статус (Текущо местоположение) | Дата на вписване в системата | Местоположение - отдел | Цена в лева | Инвентарен номер | Систематично азбучна сигнатура | Баркод | Номер на екземпляра | Цена в евро | Служебна бележка | Служебен тип на артикула |
|---|---|---|---|---|---|---|---|---|---|---|---|---|---|---|---|---|---|---|---|
| Не е изгубен | Universal Decimal Classification | Не е повреден | само за читалня | ползва се в читалня | 279490 | Регионална библиотека "Любен Каравелов" Русе | Регионална библиотека "Любен Каравелов" Русе | Хранилище | 1965-01-01 | Хранилище | 0.12 | 19371/65 | Цб І 8037 | 900000028605 | 1 | 0.06 | Дост: Dp Вид: Д N: Сф Дата: 01.01.1965 | Книги | |
| Не е изгубен | Universal Decimal Classification | Не е повреден | без рестрикции | ползва се в читалня | 279491 | Регионална библиотека "Любен Каравелов" Русе | Регионална библиотека "Любен Каравелов" Русе | Краезнание | 1965-01-01 | Краезнание | 0.08 | 16985/66 | К 37.09/Х 23 | 900000003211 | 2 | 0.04 | N: Сф Дата: 01.01.1965 Дата инв: 09.11.2017 Бележки инв: К2017 | Книги |